| 000 | 00675nam a2200217Ia 4500 | ||
|---|---|---|---|
| 005 | 20230206110933.0 | ||
| 008 | 210716s2011 xx 000 0 und d | ||
| 020 | _a9789350249345 | ||
| 040 | _cAIMIT LIBRARY | ||
| 041 | _aeng | ||
| 082 |
_a658.1511 _21 _bATHP |
||
| 100 |
_aAthma, Prashanta. _970822 |
||
| 245 |
_aCost and management accounting / _cBy Prashanta Athma. |
||
| 250 | _a1st ed. | ||
| 260 |
_aNew Delhi : _bHimalaya Publishing House , _c2011. |
||
| 300 |
_a661p. ; _bPB _c27 cm. |
||
| 650 |
_aElements of cost _970823 |
||
| 650 |
_aTechniques of costing _970824 |
||
| 650 |
_aCost control and cost reduction _970825 |
||
| 942 |
_2ddc _cBK _e1st _k658.1511 ATHP |
||
| 999 |
_c206899 _d206899 |
||